000 00737cam a22002533a 4500
001 32249
003 PGUSA
005 20140828083710.0
008 100504s2010||||xxu|||||s|||||000 1 eng d
040 _aPGUSA
_beng
042 _adc
050 4 _aPZ
100 1 _aOtis, James,
_d1848-1912
245 1 4 _aThe Princess and Joe Potter
_h[electronic resource] /
_cJames Otis
260 _bProject Gutenberg,
_c2010
506 _aPublic domain in the USA.
516 _aElectronic text
653 _aMissing children -- Juvenile fiction
653 _aSocial classes -- Juvenile fiction
700 1 _aOakley, Violet,
_d1874-1961
830 0 _aProject Gutenberg
_v32249
856 4 0 _uhttp://www.gutenberg.org/ebooks/32249
942 _cEB
999 _c261504
_d261504